[Event "North Wales op"]
[Site "Llandudno"]
[Date "2017.07.02"]
[Round "4"]
[White "McLaughlin, Noel"]
[Black "Rahulan, Thivyaa"]
[Result "0-1"]
[WhiteElo "1996"]
[BlackElo "1623"]
[PlyCount "58"]
[EventDate "2017.06.30"]
[EventType "swiss"]
[EventRounds "5"]
[EventCountry "WLS"]
[SourceTitle "EXT 2019"]
[Source "ChessBase"]
[SourceDate "2018.10.10"]
[SourceVersion "1"]
[SourceVersionDate "2018.10.10"]
[SourceQuality "1"]

1. Nf3 f5 2. e4 fxe4 3. Ng5 e5 4. d4 d5 5. dxe5 c6 6. Be2 Be7 7. h4 Nh6 8. Bh5+ g6 9. Nxh7 gxh5 10. Bxh6 Rxh7 11. Qxh5+ Rf7 12. Nc3 Qd7 13. 0-0-0 Qg4 14. Qxg4 Bxg4 15. Rdf1 Nd7 16. f3 exf3 17. gxf3 Rxf3 18. Rfg1 Nxe5 19. Bg7 Bf6 20. Bxf6 Rxf6 21. Re1 Re6 22. Rhg1 Kd7 23. Rxe5 Rxe5 24. Rxg4 Rf8 25. b3 Re7 26. Na4 b6 27. Nc3 Rh7 28. Ne2 Rf1+ 29. Kb2 Rh1 0-1

[Event "BCF-chT3 1011 (4NCL)"]
[Site "England"]
[Date "2011.01.15"]
[Round "3.36"]
[White "McLaughlin, Noel"]
[Black "Brown, Alan M"]
[Result "1/2-1/2"]
[WhiteElo "2042"]
[BlackElo "2092"]
[PlyCount "33"]
[EventDate "2010.11.06"]
[EventType "team-swiss"]
[EventRounds "9"]
[EventCountry "ENG"]
[SourceTitle "EXT 2012"]
[Source "ChessBase"]
[SourceDate "2011.11.24"]
[SourceVersion "1"]
[SourceVersionDate "2011.11.24"]
[SourceQuality "1"]
[WhiteTeam "AMCA Rhinos"]
[BlackTeam "FCA Solutions"]
[WhiteTeamCountry "ENG"]
[BlackTeamCountry "ENG"]

1. Nf3 Nf6 2. c4 e6 3. g3 d5 4. Bg2 Bd6 5. 0-0 0-0 6. d4 c6 7. Qc2 Nbd7 8. Rd1 Ne4 9. Nc3 f5 10. Ne5 Qf6 11. f4 Qe7 12. a3 Ndf6 13. b4 Bd7 14. Be3 Be8 15. Rab1 Bh5 16. Nxe4 Nxe4 17. Bf3 1/2-1/2

[Event "BCF-chT2 1011 (4NCL)"]
[Site "England"]
[Date "2010.11.07"]
[Round "2.26"]
[White "Messere, Owen"]
[Black "McLaughlin, Noel"]
[Result "0-1"]
[WhiteElo "1778"]
[BlackElo "2042"]
[PlyCount "80"]
[EventDate "2010.11.06"]
[EventType "team-swiss"]
[EventRounds "11"]
[EventCountry "ENG"]
[SourceTitle "EXT 2012"]
[Source "ChessBase"]
[SourceDate "2011.11.24"]
[SourceVersion "1"]
[SourceVersionDate "2011.11.24"]
[SourceQuality "1"]
[WhiteTeam "Poisoned Pawns"]
[BlackTeam "AMCA Dragons"]
[WhiteTeamCountry "ENG"]
[BlackTeamCountry "ENG"]

1. e4 c5 2. Nc3 e6 3. f4 d5 4. d3 Nc6 5. Nf3 Nf6 6. g3 b5 7. Bd2 b4 8. Ne2 dxe4 9. dxe4 Nxe4 10. Bg2 Bb7 11. 0-0 Be7 12. Qc1 Qb6 13. Be3 Nd6 14. c3 Qb5 15. Qc2 Rc8 16. a4 Qa5 17. Nd2 Ba6 18. Nb3 Qc7 19. Bxc5 Nf5 20. Bxe7 Qxe7 21. Bxc6+ Rxc6 22. Qe4 Bb7 23. Qxb4 Qxb4 24. cxb4 Rc2 25. Rfe1 Rxb2 26. Rab1 Ra2 27. Rbc1 0-0 28. Ra1 Rb2 29. Rab1 Rxb1 30. Rxb1 Bd5 31. Nbd4 Ne3 32. Nc3 Rc8 33. Nxd5 Nxd5 34. b5 Rc4 35. Nc6 Rxa4 36. Rd1 h6 37. f5 Nc3 38. Rd8+ Kh7 39. fxe6 fxe6 40. Nd4 Rxd4 0-1

[Event "BCF-chT3 0910 (4NCL)"]
[Site "England"]
[Date "2010.03.27"]
[Round "7.1"]
[White "McLaughlin, Noel"]
[Black "Vikanis, Georgs"]
[Result "1/2-1/2"]
[WhiteElo "2022"]
[BlackElo "1930"]
[PlyCount "45"]
[EventDate "2009.10.24"]
[EventType "team-tourn"]
[EventRounds "11"]
[EventCountry "ENG"]
[SourceTitle "EXT 2011"]
[Source "ChessBase"]
[SourceDate "2010.11.26"]
[SourceVersion "1"]
[SourceVersionDate "2010.11.26"]
[SourceQuality "1"]
[WhiteTeam "AMCA Rhinos"]
[BlackTeam "Oxford III"]
[WhiteTeamCountry "ENG"]
[BlackTeamCountry "ENG"]

1. Nf3 Nf6 2. c4 e6 3. g3 d5 4. Bg2 b6 5. 0-0 Bb7 6. b3 Be7 7. Bb2 0-0 8. e3 Nbd7 9. Qe2 Rc8 10. Rd1 c5 11. Nc3 d4 12. exd4 cxd4 13. Nxd4 Bxg2 14. Kxg2 Nc5 15. Ncb5 a6 16. Na7 Rc7 17. Nac6 Qa8 18. Qf3 Bd6 19. Nb4 Nce4 20. d3 Bxb4 21. dxe4 Qxe4 22. a3 Be7 23. Rac1 1/2-1/2

[Event "BCF-chT3 0910 (4NCL)"]
[Site "England"]
[Date "2010.01.17"]
[Round "4.5"]
[White "McLaughlin, Noel"]
[Black "Taylor, Robert P"]
[Result "1/2-1/2"]
[WhiteElo "2022"]
[BlackElo "1978"]
[PlyCount "46"]
[EventDate "2009.10.24"]
[EventType "team-tourn"]
[EventRounds "11"]
[EventCountry "ENG"]
[SourceTitle "EXT 2011"]
[Source "ChessBase"]
[SourceDate "2010.11.26"]
[SourceVersion "1"]
[SourceVersionDate "2010.11.26"]
[SourceQuality "1"]
[WhiteTeam "AMCA Rhinos"]
[BlackTeam "Nottinghamshire II"]
[WhiteTeamCountry "ENG"]
[BlackTeamCountry "ENG"]

1. Nf3 d5 2. c4 d4 3. g3 c5 4. Bg2 Nc6 5. 0-0 Nf6 6. d3 e5 7. e3 Be7 8. exd4 exd4 9. Na3 0-0 10. Re1 a6 11. Nc2 Bd7 12. b4 cxb4 13. Ncxd4 Nxd4 14. Nxd4 Bg4 15. Nf3 b5 16. Bb2 bxc4 17. dxc4 Qc7 18. Rc1 Rac8 19. Be5 Qb6 20. h3 Be6 21. Bf1 Rfd8 22. Qe2 Nd7 23. Ba1 Bf6 1/2-1/2

[Event "BCF-chT3 0910 (4NCL)"]
[Site "England"]
[Date "2009.10.25"]
[Round "2.4"]
[White "Clark, Ian C"]
[Black "McLaughlin, Noel"]
[Result "1-0"]
[WhiteElo "2072"]
[BlackElo "2022"]
[PlyCount "87"]
[EventDate "2009.10.24"]
[EventType "team-tourn"]
[EventRounds "11"]
[EventCountry "ENG"]
[SourceTitle "EXT 2011"]
[Source "ChessBase"]
[SourceDate "2010.11.26"]
[SourceVersion "1"]
[SourceVersionDate "2010.11.26"]
[SourceQuality "1"]
[WhiteTeam "Wessex II"]
[BlackTeam "AMCA Rhinos"]
[WhiteTeamCountry "ENG"]
[BlackTeamCountry "ENG"]

1. e4 c5 2. Nf3 Nc6 3. d4 cxd4 4. Nxd4 e5 5. Nb5 d6 6. N1c3 a6 7. Na3 b5 8. Nd5 Nf6 9. Bg5 Be7 10. Bxf6 Bxf6 11. c3 0-0 12. Be2 Bg5 13. 0-0 Rb8 14. Nc2 Be6 15. Qd3 f5 16. Bf3 Ne7 17. Nxe7+ Qxe7 18. exf5 Bxf5 19. Be4 Bxe4 20. Qxe4 a5 21. Rad1 Qe6 22. Qd5 Rf6 23. Qxe6+ Rxe6 24. Rd5 Rb6 25. Na3 b4 26. Nc4 Ra6 27. Rfd1 bxc3 28. bxc3 Rc6 29. Nxd6 Be7 30. Ne4 Rc4 31. f3 Ra4 32. R1d2 Kf7 33. Rb2 Ba3 34. Rbb5 Bc1 35. Rxa5 Ra6 36. Rxa6 Rxa6 37. Rxe5 Rxa2 38. Rd5 Rc2 39. Kf1 Ke6 40. Rd3 Ke5 41. Ng3 g6 42. Ne2 Ba3 43. Ke1 Bc5 44. Rd2 1-0

[Event "BCF-chT4 0607 (4NCL)"]
[Site "Sunningdale"]
[Date "2006.12.03"]
[Round "4.1"]
[White "Lloyd, Alan D"]
[Black "McLaughlin, Noel"]
[Result "1-0"]
[WhiteElo "2120"]
[BlackElo "1955"]
[PlyCount "71"]
[EventDate "2006.09.16"]
[EventType "team"]
[EventRounds "11"]
[EventCountry "ENG"]
[SourceTitle "EXT 2008"]
[Source "ChessBase"]
[SourceDate "2007.11.25"]
[SourceVersion "1"]
[SourceVersionDate "2007.11.25"]
[SourceQuality "1"]
[WhiteTeam "Warwicks Select II"]
[BlackTeam "Athenaeum II"]
[WhiteTeamCountry "ENG"]
[BlackTeamCountry "ENG"]

1. c4 f5 2. Nc3 Nf6 3. g3 e5 4. Bg2 g6 5. Nf3 Nc6 6. 0-0 Bg7 7. Rb1 e4 8. Ne1 d5 9. cxd5 Nxd5 10. Nxd5 Qxd5 11. d3 Be6 12. Bg5 Qxa2 13. dxe4 h6 14. Be3 Rd8 15. Qc1 Nd4 16. Bxd4 Bxd4 17. Nc2 Bf6 18. Nb4 Qa5 19. Nd5 Bxd5 20. exd5 Kf7 21. e4 fxe4 22. Bxe4 Qb6 23. Qf4 Qd6 24. Qg4 Rhg8 25. h4 h5 26. Qf3 Rde8 27. b4 a6 28. Bc2 Qe5 29. d6 Qxd6 30. Bb3+ Kg7 31. Bxg8 Kxg8 32. Rfd1 Qb6 33. Rd7 Qe6 34. Rbd1 Rf8 35. Qf4 Be5 36. Qh6 1-0

[Event "BCF-chT4 0607 (4NCL)"]
[Site "Sunningdale"]
[Date "2006.09.24"]
[Round "2.5"]
[White "Lakhani, Kishan"]
[Black "McLaughlin, Noel"]
[Result "1/2-1/2"]
[WhiteElo "1977"]
[BlackElo "1955"]
[PlyCount "63"]
[EventDate "2006.09.16"]
[EventType "team"]
[EventRounds "11"]
[EventCountry "ENG"]
[SourceTitle "CBM 115 Extra"]
[Source "ChessBase"]
[SourceDate "2007.01.10"]
[SourceVersion "1"]
[SourceVersionDate "2007.01.10"]
[SourceQuality "1"]
[WhiteTeam "Notts"]
[BlackTeam "Athenaeum"]
[WhiteTeamCountry "ENG"]
[BlackTeamCountry "ENG"]

1. e4 c5 2. Nf3 Nc6 3. d4 cxd4 4. Nxd4 e5 5. Nb5 d6 6. N1c3 a6 7. Na3 b5 8. Nd5 Nf6 9. Bg5 Qa5+ 10. Bd2 Qd8 11. Bg5 Qa5+ 12. Bd2 Qd8 13. Nxf6+ Qxf6 14. c3 Qg6 15. Qf3 Be7 16. Nc2 Bg4 17. Qe3 h6 18. h4 0-0 19. Bd3 Be6 20. a3 f5 21. 0-0-0 d5 22. f3 Rac8 23. exd5 Bxd5 24. g4 f4 25. Qe2 Qf7 26. g5 h5 27. g6 Qe6 28. Rdg1 Bc4 29. Ne1 Nd4 30. Qg2 Nb3+ 31. Kb1 Rfd8 32. Bxc4 1/2-1/2

[Event "BCF-chT4 0506 (4NCL)"]
[Site "West Bromwich"]
[Date "2006.03.18"]
[Round "7.1"]
[White "McLaughlin, Noel"]
[Black "Gooding, Ian R"]
[Result "1/2-1/2"]
[WhiteElo "2030"]
[BlackElo "2100"]
[PlyCount "81"]
[EventDate "2005.11.05"]
[EventType "team"]
[EventRounds "11"]
[EventCountry "ENG"]
[SourceTitle "CBM 109 Extra"]
[Source "ChessBase"]
[SourceDate "2006.01.03"]
[SourceVersion "2"]
[SourceVersionDate "2006.01.03"]
[SourceQuality "1"]
[WhiteTeam "Athenaeum II"]
[BlackTeam "Cambridge II"]
[WhiteTeamCountry "ENG"]
[BlackTeamCountry "ENG"]

1. Nf3 b5 2. e4 Bb7 3. Bxb5 Bxe4 4. Nc3 Bb7 5. d4 Nf6 6. 0-0 e6 7. Re1 Be7 8. Bf4 0-0 9. Bd3 d6 10. Ne4 Nbd7 11. c4 Rb8 12. b3 Nxe4 13. Bxe4 Bxe4 14. Rxe4 Nf6 15. Re3 Nh5 16. Bg3 Nxg3 17. hxg3 Bf6 18. Qe2 c6 19. Rd1 a5 20. Ne5 Qc8 21. Ng4 Bg5 22. f4 Bd8 23. Nf2 a4 24. Qh5 axb3 25. axb3 Qa6 26. g4 Qa2 27. Rh3 Qc2 28. Rdd3 h6 29. g5 Qc1+ 30. Nd1 Qxf4 31. gxh6 g6 32. Qe2 Bb6 33. Qf2 Qxf2+ 34. Nxf2 Kh7 35. Ne4 Bd8 36. Nxd6 Be7 37. Ne4 Rfd8 38. Nd2 Bf6 39. Nf3 c5 40. d5 exd5 41. cxd5 1/2-1/2